[Event "GBR-ch107 Over 65"]
[Site "Milton Keynes"]
[Date "2021.10.09"]
[Round "6.4"]
[White "O'Gorman, Brendan"]
[Black "Bray, Dave J"]
[Result "0-1"]
[WhiteElo "1691"]
[BlackElo "2037"]
[PlyCount "52"]
[EventDate "2021.10.04"]
[EventType "swiss"]
[EventRounds "7"]
[EventCountry "GBR"]
[SourceTitle "BritBase"]
[Source "John Saunders"]
[SourceDate "2021.06.05"]
[SourceVersion "1"]
[SourceVersionDate "2021.06.05"]
[SourceQuality "1"]

1. c4 c5 2. Nf3 Nf6 3. d4 cxd4 4. Nxd4 Nc6 5. Nc3 e6 6. e4 Bb4 7. Nxc6 bxc6 8.
Bd2 e5 9. Qc2 O-O 10. Be2 Qc7 11. O-O Bb7 12. Bg5 Be7 13. Rad1 d6 14. f4 h6 15.
fxe5 hxg5 16. exf6 Bxf6 17. e5 Bxe5 18. Ne4 Qe7 19. Ng3 g6 20. Bd3 Kg7 21. Rde1
Rh8 22. Qd2 Rh6 23. Qe3 Rah8 24. c5 f6 25. cxd6 Qxd6 26. Rd1 Bd4 0-1

[Event "GBR-ch107 Over 65"]
[Site "Milton Keynes"]
[Date "2021.10.09"]
[Round "6.5"]
[White "Reuben, Stewart"]
[Black "Ingham, H William"]
[Result "0-1"]
[WhiteElo "1991"]
[BlackElo "1855"]
[PlyCount "110"]
[EventDate "2021.10.04"]
[EventType "swiss"]
[EventRounds "7"]
[EventCountry "GBR"]
[SourceTitle "BritBase"]
[Source "John Saunders"]
[SourceDate "2021.06.05"]
[SourceVersion "1"]
[SourceVersionDate "2021.06.05"]
[SourceQuality "1"]

1. c4 c6 2. b3 e5 3. Bb2 Qc7 4. d4 d6 5. Qc2 Nf6 6. Nf3 Nbd7 7. Nbd2 Be7 8. e3
O-O 9. Bd3 Re8 10. O-O Bf8 11. Bf5 g6 12. Bh3 Nb6 13. Bxc8 Raxc8 14. Qc3 e4 15.
d5 Bg7 16. Ng5 cxd5 17. f3 Nh5 18. Qc2 Bxb2 19. Qxb2 Qe7 20. f4 f5 21. Qd4 h6
22. Nh3 Qf6 23. Qxf6 Nxf6 24. Rac1 dxc4 25. bxc4 Rc5 26. Rc3 Rec8 27. Ra3 Ng4
28. Re1 Nxc4 29. Nxc4 Rxc4 30. Nf2 Rc1 31. Nd1 a6 32. h3 Nf6 33. Rb3 b5 34. Kf1
Nd5 35. Nb2 R1c3 36. Kf2 Rxb3 37. axb3 Rc2+ 38. Re2 Rc3 39. Nd1 Rxb3 40. Rd2
Rd3 41. Rxd3 exd3 42. Ke1 Kf7 43. Kd2 Nb4 44. Kc3 a5 45. Kd2 Ke6 46. Nc3 Kd7
47. Nxb5 Kc6 48. Nc3 Kc5 49. e4 Kd4 50. exf5 gxf5 51. Nb5+ Kc5 52. Na3 d5 53.
Kc3 d4+ 54. Kd2 h5 55. Ke1 Nc2+ 0-1

[Event "GBR-ch107 Over 65"]
[Site "Milton Keynes"]
[Date "2021.10.09"]
[Round "6.6"]
[White "Habershon, Paul F"]
[Black "Taylor, Robert K"]
[Result "1-0"]
[WhiteElo "1977"]
[BlackElo "1938"]
[PlyCount "85"]
[EventDate "2021.10.04"]
[EventType "swiss"]
[EventRounds "7"]
[EventCountry "GBR"]
[SourceTitle "BritBase"]
[Source "John Saunders"]
[SourceDate "2021.06.05"]
[SourceVersion "1"]
[SourceVersionDate "2021.06.05"]
[SourceQuality "1"]

1. e4 e5 2. Nf3 Nc6 3. d4 exd4 4. Nxd4 Nf6 5. Nxc6 bxc6 6. e5 Qe7 7. Qe2 Nd5 8.
c4 Qb4+ 9. Nd2 Nf4 10. Qe4 Ne6 11. Be2 Bb7 12. O-O c5 13. Qe3 Nd4 14. Bd3 Qb6
15. b3 Be7 16. Bb2 O-O 17. Qh3 h6 18. Bxd4 cxd4 19. Qf5 g6 20. Qxd7 Qc5 21.
Rae1 Bc8 22. Qd5 Be6 23. Qxc5 Bxc5 24. Ne4 Bb4 25. Rc1 a5 26. Nf6+ Kg7 27. Be4
Rab8 28. Nd5 Ba3 29. Rc2 c5 30. f4 Rfe8 31. Nc7 Red8 32. Rd1 Bg4 33. Rd3 Bd7
34. Rf2 Rb6 35. Nd5 Ra6 36. f5 Rf8 37. Rg3 Bc1 38. fxg6 Bg5 39. gxf7 Kh8 40.
Nf6 Rxf6 41. exf6 Be3 42. Rg7 Bxf2+ 43. Kxf2 1-0

[Event "GBR-ch107 Over 65"]
[Site "Milton Keynes"]
[Date "2021.10.09"]
[Round "6.7"]
[White "Scowen, Roger S"]
[Black "Gamble, Raymond J"]
[Result "0-1"]
[WhiteElo "1885"]
[BlackElo "1871"]
[PlyCount "136"]
[EventDate "2021.10.04"]
[EventType "swiss"]
[EventRounds "7"]
[EventCountry "GBR"]
[SourceTitle "BritBase"]
[Source "John Saunders"]
[SourceDate "2021.06.05"]
[SourceVersion "1"]
[SourceVersionDate "2021.06.05"]
[SourceQuality "1"]

1. e4 e6 2. d4 d5 3. Nc3 Nf6 4. e5 Nfd7 5. f4 c5 6. Nf3 Nc6 7. Be3 a6 8. Qd2
Be7 9. Be2 g6 10. O-O-O b5 11. dxc5 Bxc5 12. Nd4 Nxd4 13. Bxd4 Bxd4 14. Qxd4
Qb6 15. Qxb6 Nxb6 16. Rd4 Bb7 17. g3 O-O-O 18. a4 bxa4 19. Nxa4 Nd7 20. Rhd1
Kb8 21. R1d3 Rc8 22. Rb3 Ka7 23. Rdb4 Rc7 24. Bf3 Rhc8 25. c3 Bc6 26. Nb6 Nxb6
27. Rxb6 Rb7 28. Rxb7+ Bxb7 29. Kd2 Bc6 30. Be2 Rc7 31. Ra3 Bb7 32. Kd3 Rc6 33.
Kd4 Kb6 34. b4 Rc8 35. Ra5 h5 36. h4 Rc7 37. g4 hxg4 38. Bxg4 Rc8 39. h5 Rc4+
40. Kd3 gxh5 41. Bxh5 Rxf4 42. Ra2 Rf5 43. Rh2 Bc6 44. Rh4 Rf1 45. Kd4 Rf2 46.
Ke3 Rf5 47. Kd4 Bb5 48. Rh3 Bc4 49. Bf3 f6 50. exf6 e5+ 51. Ke3 Rxf6 52. Be2
Bxe2 53. Kxe2 Kb5 54. Rh5 Re6 55. Kd3 Kc6 56. Rg5 Kd6 57. c4 e4+ 58. Kd4 dxc4
59. Rd5+ Kc6 60. Rc5+ Kb6 61. Rxc4 e3 62. Rc1 e2 63. Re1 Kb5 64. Kd3 Kxb4 65.
Rxe2 Rxe2 66. Kxe2 Kc3 67. Kd1 Kb2 68. Kd2 a5 0-1

[Event "GBR-ch107 Over 65"]
[Site "Milton Keynes"]
[Date "2021.10.09"]
[Round "6.8"]
[White "McKenna, John R"]
[Black "Foster, Brian E"]
[Result "1-0"]
[WhiteElo "1557"]
[BlackElo "1868"]
[PlyCount "47"]
[EventDate "2021.10.04"]
[EventType "swiss"]
[EventRounds "7"]
[EventCountry "GBR"]
[SourceTitle "BritBase"]
[Source "John Saunders"]
[SourceDate "2021.06.05"]
[SourceVersion "1"]
[SourceVersionDate "2021.06.05"]
[SourceQuality "1"]

1. d4 Nf6 2. Nf3 d5 3. e3 Bg4 4. Nbd2 Nbd7 5. Be2 e6 6. O-O Be7 7. b3 O-O 8.
Bb2 c6 9. h3 Bh5 10. Re1 Bg6 11. Bd3 Bxd3 12. cxd3 Bd6 13. e4 Bc7 14. e5 Nh5
15. Ba3 Re8 16. Nf1 Nf4 17. Bc1 Ng6 18. Ng3 Ndf8 19. Nh5 Nd7 20. Bg5 Qb8 21. h4
Bd8 22. Qe2 Rf8 23. Nf4 Nxh4 24. Bxh4 1-0

[Event "GBR-ch107 Over 65"]
[Site "Milton Keynes"]
[Date "2021.10.09"]
[Round "6.9"]
[White "Brockes, Jeremy P"]
[Black "Pride, Stephen C"]
[Result "1/2-1/2"]
[WhiteElo "1566"]
[BlackElo "1581"]
[PlyCount "59"]
[EventDate "2021.10.04"]
[EventType "swiss"]
[EventRounds "7"]
[EventCountry "GBR"]
[SourceTitle "BritBase"]
[Source "John Saunders"]
[SourceDate "2021.06.05"]
[SourceVersion "1"]
[SourceVersionDate "2021.06.05"]
[SourceQuality "1"]

1. Nf3 g6 2. c4 Bg7 3. d4 e6 4. Nc3 b6 5. e4 Bb7 6. Bd3 Ne7 7. O-O h6 8. Qe2 d6
9. Rd1 Nd7 10. Be3 O-O 11. Rac1 Kh7 12. c5 Nf6 13. cxd6 cxd6 14. e5 Nfd5 15.
Ne4 Nxe3 16. fxe3 Bxe4 17. Bxe4 d5 18. Bd3 Rc8 19. Ba6 Rxc1 20. Rxc1 h5 21. Rc3
Bh6 22. Bd3 Nf5 23. Bxf5 gxf5 24. Kf2 Qe7 25. g3 Rd8 26. Qc2 Kg7 27. a3 Kg6 28.
Rc6 Rd7 29. b4 Kg7 30. Qc3 1/2-1/2

[Event "GBR-ch107 Over 65"]
[Site "Milton Keynes"]
[Date "2021.10.10"]
[Round "7.1"]
[White "Stimpson, Philip M"]
[Black "De Coverly, Roger D"]
[Result "1-0"]
[WhiteElo "1949"]
[BlackElo "1863"]
[PlyCount "77"]
[EventDate "2021.10.04"]
[EventType "swiss"]
[EventRounds "7"]
[EventCountry "GBR"]
[SourceTitle "BritBase"]
[Source "John Saunders"]
[SourceDate "2021.06.05"]
[SourceVersion "1"]
[SourceVersionDate "2021.06.05"]
[SourceQuality "1"]

1. e4 e5 2. Nf3 Nc6 3. d4 exd4 4. Bc4 Nf6 5. e5 d5 6. Bb5 Ne4 7. Nxd4 Bd7 8.
Bxc6 bxc6 9. O-O Bc5 10. f3 Ng5 11. f4 Ne4 12. Be3 Bb6 13. Nc3 Nxc3 14. bxc3
O-O 15. Qd2 Qe7 16. Rae1 c5 17. Nb3 Rad8 18. f5 Bb5 19. Bg5 Qd7 20. Bf6 gxf6
21. exf6 Kh8 22. Qh6 Rg8 23. Rf3 Rg4 24. Re7 Re8 25. h3 Rgg8 26. Rf4 Rg3 27.
Rg4 Rxg4 28. hxg4 Rg8 29. Rxd7 Bxd7 30. Qf4 Re8 31. Qh6 Rg8 32. Qh5 Rf8 33. Nd2
c4+ 34. Kf1 Ba4 35. Nf3 Be3 36. Ne5 Be8 37. g5 Bf4 38. g6 fxg6 39. fxg6 1-0

[Event "GBR-ch107 Over 65"]
[Site "Milton Keynes"]
[Date "2021.10.10"]
[Round "7.2"]
[White "Bray, Dave J"]
[Black "Myall, Ivan J"]
[Result "1/2-1/2"]
[WhiteElo "2037"]
[BlackElo "2011"]
[PlyCount "54"]
[EventDate "2021.10.04"]
[EventType "swiss"]
[EventRounds "7"]
[EventCountry "GBR"]
[SourceTitle "BritBase"]
[Source "John Saunders"]
[SourceDate "2021.06.05"]
[SourceVersion "1"]
[SourceVersionDate "2021.06.05"]
[SourceQuality "1"]

1. d4 d5 2. c4 c6 3. Nf3 dxc4 4. g3 b5 5. Bg2 Bb7 6. O-O Nf6 7. a4 e6 8. b3
cxb3 9. Qxb3 b4 10. a5 Ba6 11. Ne5 Nd5 12. Re1 Bd6 13. Bd2 Bxe5 14. dxe5 c5 15.
e4 Nc7 16. Be3 Qe7 17. Nd2 Nd7 18. Rec1 O-O 19. Bxc5 Nxc5 20. Qxb4 Qd7 21. Qxc5
Qxd2 22. Rd1 Qb2 23. Qxc7 Rfc8 24. Qd6 Be2 25. Qd2 Qb5 26. Rdb1 Qa6 27. Re1 Bb5
1/2-1/2

[Event "GBR-ch107 Over 65"]
[Site "Milton Keynes"]
[Date "2021.10.10"]
[Round "7.3"]
[White "Valentine, Brian J"]
[Black "Habershon, Paul F"]
[Result "0-1"]
[WhiteElo "1926"]
[BlackElo "1977"]
[PlyCount "104"]
[EventDate "2021.10.04"]
[EventType "swiss"]
[EventRounds "7"]
[EventCountry "GBR"]
[SourceTitle "BritBase"]
[Source "John Saunders"]
[SourceDate "2021.06.05"]
[SourceVersion "1"]
[SourceVersionDate "2021.06.05"]
[SourceQuality "1"]

1. e4 d6 2. d4 Nf6 3. Nc3 g6 4. f4 Bg7 5. Nf3 c5 6. e5 Nfd7 7. Ne4 cxd4 8. exd6
Nc6 9. Bc4 O-O 10. O-O exd6 11. Nxd6 Nb6 12. Bxf7+ Rxf7 13. Nxf7 Kxf7 14. Ne5+
Nxe5 15. fxe5+ Kg8 16. Bf4 Be6 17. Qd2 Qd5 18. Rad1 Rd8 19. Rfe1 Bg4 20. Rc1
Nc4 21. Qb4 Nxe5 22. Qe7 Nf7 23. Bc7 Rc8 24. h3 Bd7 25. Bf4 Bc6 26. Qe2 a6 27.
c4 dxc3 28. bxc3 Re8 29. Qd2 Qxd2 30. Rxe8+ Bxe8 31. Bxd2 Nd6 32. c4 Bc6 33.
Bf4 Ne4 34. Kf1 Kf7 35. Rc2 Bd4 36. Ke2 Ba4 37. Rc1 Bb2 38. Rf1 Ke6 39. Kd3
Nc5+ 40. Ke3 Bc6 41. Rf2 Bc1+ 42. Kd4 Bxf4 43. Rxf4 Kd6 44. Rf2 Ne6+ 45. Kc3
Ng5 46. Kd4 Ne6+ 47. Kc3 a5 48. h4 Ke5 49. g3 Nc5 50. Rf4 Ne4+ 51. Kd3 Nxg3 52.
Rf7 h5 0-1

[Event "GBR-ch107 Over 65"]
[Site "Milton Keynes"]
[Date "2021.10.10"]
[Round "7.4"]
[White "Gamble, Raymond J"]
[Black "Calvert, D Ian"]
[Result "1/2-1/2"]
[WhiteElo "1871"]
[BlackElo "1881"]
[PlyCount "116"]
[EventDate "2021.10.04"]
[EventType "swiss"]
[EventRounds "7"]
[EventCountry "GBR"]
[SourceTitle "BritBase"]
[Source "John Saunders"]
[SourceDate "2021.06.05"]
[SourceVersion "1"]
[SourceVersionDate "2021.06.05"]
[SourceQuality "1"]

1. d4 d5 2. Nf3 Nf6 3. e3 c6 4. Bd3 Bg4 5. Nbd2 Nbd7 6. h3 Bh5 7. c3 Qc7 8. Qc2
Bg6 9. Bxg6 hxg6 10. e4 dxe4 11. Nxe4 Nxe4 12. Qxe4 e6 13. Bf4 Bd6 14. Bxd6
Qxd6 15. O-O-O Qd5 16. Qxd5 cxd5 17. Rhe1 b5 18. Ne5 Nxe5 19. dxe5 Ke7 20. Rd4
a5 21. Re3 Rhc8 22. a3 Rab8 23. Kd2 Rc4 24. Rf3 f6 25. exf6+ gxf6 26. Rdf4 Rxf4
27. Rxf4 e5 28. Rh4 Ke6 29. Rh7 b4 30. axb4 axb4 31. cxb4 Rxb4 32. Kc3 Rc4+ 33.
Kd2 d4 34. Rb7 e4 35. g3 f5 36. Rb6+ Kf7 37. Rb7+ Kf6 38. Rb6+ Kg7 39. Rb7+ Kh6
40. b3 Rc8 41. Ra7 Rb8 42. Ra3 Rb6 43. Kc2 g5 44. Ra2 Kg6 45. Rb2 f4 46. Kd2
fxg3 47. fxg3 Kf5 48. b4 Ke5 49. Rb1 Kd5 50. h4 gxh4 51. gxh4 Kc6 52. h5 Kb5
53. Rh1 Rh6 54. Rh4 e3+ 55. Kd3 Re6 56. Rh1 e2 57. Re1 Rh6 58. Rxe2 Rxh5
1/2-1/2

[Event "GBR-ch107 Over 65"]
[Site "Milton Keynes"]
[Date "2021.10.10"]
[Round "7.5"]
[White "Taylor, Robert K"]
[Black "Fisher, C Phillip"]
[Result "1-0"]
[WhiteElo "1938"]
[BlackElo "1854"]
[PlyCount "75"]
[EventDate "2021.10.04"]
[EventType "swiss"]
[EventRounds "7"]
[EventCountry "GBR"]
[SourceTitle "BritBase"]
[Source "John Saunders"]
[SourceDate "2021.06.05"]
[SourceVersion "1"]
[SourceVersionDate "2021.06.05"]
[SourceQuality "1"]

1. Nf3 b6 2. c4 Bb7 3. Nc3 g6 4. e4 d6 5. d4 Bg7 6. h3 Nd7 7. Bg5 h6 8. Be3 e6
9. Qd2 a6 10. Be2 Ne7 11. O-O f5 12. exf5 Nxf5 13. Rae1 Nxe3 14. Qxe3 Nf8 15.
Nd2 Qf6 16. Nb3 Kf7 17. Ne4 Qf5 18. Bd3 Qh5 19. Ng3 Qh4 20. d5 e5 21. f4 Kg8
22. f5 Qe7 23. fxg6 Qg5 24. Rf7 Nxg6 25. Qxg5 hxg5 26. Bxg6 Rh6 27. Rxc7 Rb8
28. Bh5 Bc8 29. Rf1 Rf6 30. Rxf6 Bxf6 31. Bg4 Bxg4 32. hxg4 e4 33. Nxe4 Bxb2
34. Nxd6 Be5 35. Rd7 Bg3 36. Nf5 Bf4 37. g3 Be5 38. Ne7+ 1-0

[Event "GBR-ch107 Over 65"]
[Site "Milton Keynes"]
[Date "2021.10.10"]
[Round "7.6"]
[White "Pride, Stephen C"]
[Black "O'Gorman, Brendan"]
[Result "1/2-1/2"]
[WhiteElo "1581"]
[BlackElo "1691"]
[PlyCount "37"]
[EventDate "2021.10.04"]
[EventType "swiss"]
[EventRounds "7"]
[EventCountry "GBR"]
[SourceTitle "BritBase"]
[Source "John Saunders"]
[SourceDate "2021.06.05"]
[SourceVersion "1"]
[SourceVersionDate "2021.06.05"]
[SourceQuality "1"]

1. c3 d5 2. Qa4+ Nd7 3. d3 c6 4. h3 e5 5. g4 Ne7 6. Bg2 Ng6 7. Nf3 Bd6 8. Qc2
O-O 9. h4 e4 10. dxe4 dxe4 11. Ng5 Nf6 12. Nxe4 Nxg4 13. Nxd6 Qxd6 14. Nd2 Nf4
15. Bf3 Re8 16. Ne4 Qe5 17. Bxf4 Qxf4 18. Qd2 Qxd2+ 19. Nxd2 1/2-1/2

[Event "GBR-ch107 Over 65"]
[Site "Milton Keynes"]
[Date "2021.10.10"]
[Round "7.7"]
[White "Foster, Brian E"]
[Black "Scowen, Roger S"]
[Result "1/2-1/2"]
[WhiteElo "1868"]
[BlackElo "1885"]
[PlyCount "59"]
[EventDate "2021.10.04"]
[EventType "swiss"]
[EventRounds "7"]
[EventCountry "GBR"]
[SourceTitle "BritBase"]
[Source "John Saunders"]
[SourceDate "2021.06.05"]
[SourceVersion "1"]
[SourceVersionDate "2021.06.05"]
[SourceQuality "1"]

1. Nf3 f5 2. b3 Nf6 3. Bb2 d5 4. e3 e6 5. d3 Be7 6. Nbd2 Nc6 7. Be2 O-O 8. O-O
Bd6 9. c4 e5 10. cxd5 Nxd5 11. Nc4 Qe7 12. Nxd6 cxd6 13. Nd2 Be6 14. Bf3 Rac8
15. Nb1 Ndb4 16. a3 Nd5 17. b4 b5 18. Nd2 f4 19. Re1 fxe3 20. fxe3 a5 21. bxa5
Nxa5 22. Rc1 Qa7 23. Nf1 Rxc1 24. Bxc1 Nc3 25. Qd2 Rc8 26. Bb2 Nb3 27. Qf2 Na4
28. Bd1 Nxb2 29. Qxb2 Nc5 30. Be2 1/2-1/2

[Event "GBR-ch107 U18"]
[Site "Milton Keynes"]
[Date "2021.10.02"]
[Round "1.1"]
[White "Kuzhelev, Timur"]
[Black "McKay, Jonathan"]
[Result "1-0"]
[WhiteElo "1874"]
[BlackElo "1620"]
[PlyCount "61"]
[EventDate "2021.10.02"]
[EventType "swiss"]
[EventRounds "5"]
[EventCountry "GBR"]
[SourceTitle "BritBase"]
[Source "John Saunders"]
[SourceDate "2021.06.05"]
[SourceVersion "1"]
[SourceVersionDate "2021.06.05"]
[SourceQuality "1"]

1. e4 c6 2. d4 d5 3. exd5 cxd5 4. c4 Nf6 5. Nc3 Nc6 6. Nf3 Bg4 7. Be3 e6 8. c5
Be7 9. Be2 O-O 10. Nd2 Bxe2 11. Nxe2 b6 12. Qa4 Rc8 13. b4 bxc5 14. bxc5 e5 15.
Nb3 Nd7 16. Rc1 Re8 17. O-O Bg5 18. Bxg5 Qxg5 19. dxe5 Ndxe5 20. Ng3 Ng4 21.
Rcd1 h5 22. Nd2 Re2 23. Nxe2 Nce5 24. Qf4 Qg6 25. h3 Nd3 26. Qg3 Ngxf2 27. Qxg6
fxg6 28. Rxf2 Nxf2 29. Kxf2 Rxc5 30. Nb3 Rc2 31. Rd2 1-0

[Event "GBR-ch107 U18"]
[Site "Milton Keynes"]
[Date "2021.10.02"]
[Round "1.2"]
[White "Sieczkowski, Adam"]
[Black "Cox, Toby"]
[Result "1-0"]
[WhiteElo "1601"]
[BlackElo "1795"]
[PlyCount "66"]
[EventDate "2021.10.02"]
[EventType "swiss"]
[EventRounds "5"]
[EventCountry "GBR"]
[SourceTitle "BritBase"]
[Source "John Saunders"]
[SourceDate "2021.06.05"]
[SourceVersion "1"]
[SourceVersionDate "2021.06.05"]
[SourceQuality "1"]

1. Nf3 f5 2. g3 Nf6 3. Bg2 e6 4. O-O Be7 5. d4 O-O 6. c4 d6 7. Nc3 Ne4 8. Qc2
Nxc3 9. Qxc3 Nc6 10. b4 a6 11. Bb2 Bf6 12. Rfd1 Qe8 13. b5 Ne7 14. a4 Qh5 15.
b6 c6 16. Qa3 Rd8 17. Re1 Ng6 18. Rad1 d5 19. Ne5 Bxe5 20. dxe5 f4 21. Bf3 Qg5
22. e4 fxg3 23. hxg3 d4 24. Bxd4 Bd7 25. Bg2 Be8 26. f4 Qg4 27. Qf3 Qxf3 28.
Bxf3 c5 29. Bxc5 Bxa4 30. Rxd8+ Rxd8 31. Bd6 Nf8 32. Bg4 Kf7 33. f5 Bd7 1-0

[Event "GBR-ch107 U18"]
[Site "Milton Keynes"]
[Date "2021.10.02"]
[Round "1.3"]
[White "Ali, Shahvez"]
[Black "Pai, Aditya"]
[Result "1-0"]
[WhiteElo "1773"]
[BlackElo "1545"]
[PlyCount "80"]
[EventDate "2021.10.02"]
[EventType "swiss"]
[EventRounds "5"]
[EventCountry "GBR"]
[SourceTitle "BritBase"]
[Source "John Saunders"]
[SourceDate "2021.06.05"]
[SourceVersion "1"]
[SourceVersionDate "2021.06.05"]
[SourceQuality "1"]

1. c4 e6 2. Nc3 c5 3. e3 Nf6 4. Nge2 Be7 5. g3 Nc6 6. Bg2 O-O 7. d4 d6 8. O-O
Rb8 9. b3 a6 10. Bd2 Qc7 11. a4 b6 12. Rc1 Bb7 13. d5 Ne5 14. e4 exd5 15. exd5
Bc8 16. Bf4 Ng6 17. Qd3 Bg4 18. h3 Bd7 19. Rfe1 Rfe8 20. Rcd1 Rbd8 21. g4 h6
22. Bg3 Bf8 23. f4 Qc8 24. f5 Nh8 25. Bh4 Be7 26. Nf4 Qc7 27. Re2 Bc8 28. Rde1
Qd7 29. Bg3 Bf8 30. Ne4 Nxe4 31. Bxe4 Qc7 32. Kg2 Qd7 33. Bh4 Qc7 34. Bxd8 Qxd8
35. Kg3 Qg5 36. Qd2 Qd8 37. Bd3 Rxe2 38. Qxe2 Bd7 39. h4 Qf6 40. Qe3 g5 1-0

[Event "GBR-ch107 U18"]
[Site "Milton Keynes"]
[Date "2021.10.02"]
[Round "1.4"]
[White "Gamage Ranasinghe, Yuman Ranjula"]
[Black "Ismail, Mohammed Aayan"]
[Result "0-1"]
[WhiteElo "1517"]
[BlackElo "1719"]
[PlyCount "66"]
[EventDate "2021.10.02"]
[EventType "swiss"]
[EventRounds "5"]
[EventCountry "GBR"]
[SourceTitle "BritBase"]
[Source "John Saunders"]
[SourceDate "2021.06.05"]
[SourceVersion "1"]
[SourceVersionDate "2021.06.05"]
[SourceQuality "1"]

1. Nf3 Nf6 2. g3 g6 3. Bg2 Bg7 4. O-O O-O 5. d3 d5 6. c3 c5 7. Nbd2 Nc6 8. e4
b6 9. Re1 dxe4 10. dxe4 e5 11. Qc2 Ba6 12. Qa4 Qc8 13. b4 b5 14. Qa3 c4 15. Nh4
Bb7 16. Ndf3 Rd8 17. Bd2 Ne7 18. Qc1 Nxe4 19. Bh6 Bxh6 20. Qxh6 Nf5 21. Nxf5
Qxf5 22. Rf1 f6 23. Nh4 Qg5 24. Qxg5 fxg5 25. Nf3 Nxc3 26. Nxe5 Bxg2 27. Kxg2
Rd2 28. a3 a5 29. Nc6 axb4 30. axb4 Rxa1 31. Rxa1 Na2 32. Na7 c3 33. Nxb5 c2
0-1

[Event "GBR-ch107 U18"]
[Site "Milton Keynes"]
[Date "2021.10.02"]
[Round "1.5"]
[White "Kan, Toby"]
[Black "Badacsonyi, Frankie"]
[Result "0-1"]
[WhiteElo "1696"]
[BlackElo "1511"]
[PlyCount "102"]
[EventDate "2021.10.02"]
[EventType "swiss"]
[EventRounds "5"]
[EventCountry "GBR"]
[SourceTitle "BritBase"]
[Source "John Saunders"]
[SourceDate "2021.06.05"]
[SourceVersion "1"]
[SourceVersionDate "2021.06.05"]
[SourceQuality "1"]

1. e4 e6 2. d3 d5 3. Nd2 Nf6 4. Ngf3 b6 5. g3 dxe4 6. dxe4 Nc6 7. Bg2 e5 8. O-O
Bc5 9. Nb3 Qxd1 10. Rxd1 Be7 11. Nxe5 Nxe5 12. f4 Nfd7 13. fxe5 Nxe5 14. Bf4
Bf6 15. Rd5 Ng6 16. Bxc7 Be6 17. e5 Bxd5 18. Bxd5 Rc8 19. exf6 Rxc7 20. fxg7
Rg8 21. Nd4 Ne7 22. Re1 Rxg7 23. Rxe7+ Rxe7 24. Nf5 Rg4 25. Nxe7 Kxe7 26. Bb3
Rd4 27. Kg2 Rd2+ 28. Kh3 Rd1 29. Bc4 Rb1 30. b3 Rb2 31. Bd3 h6 32. a4 Kf6 33.
Kg4 Rb1 34. Kf4 Re1 35. g4 Rh1 36. Kg3 Ke5 37. h3 f6 38. h4 Kd4 39. h5 Ke3 40.
Kg2 Rd1 41. Bf5 a6 42. Bd3 b5 43. axb5 axb5 44. b4 Rb1 45. Bxb5 Rxb4 46. Bd7
Kd2 47. Bf5 Rf4 48. Kg3 Rxf5 49. gxf5 Kxc2 50. Kf3 Kd3 51. Kf4 Kd4 0-1

[Event "GBR-ch107 U18"]
[Site "Milton Keynes"]
[Date "2021.10.02"]
[Round "1.6"]
[White "Jackson, Edward"]
[Black "Barry, Jake"]
[Result "1-0"]
[WhiteElo "1435"]
[BlackElo "1644"]
[PlyCount "83"]
[EventDate "2021.10.02"]
[EventType "swiss"]
[EventRounds "5"]
[EventCountry "GBR"]
[SourceTitle "BritBase"]
[Source "John Saunders"]
[SourceDate "2021.06.05"]
[SourceVersion "1"]
[SourceVersionDate "2021.06.05"]
[SourceQuality "1"]

1. e4 e5 2. Nf3 Nc6 3. Bb5 a6 4. Ba4 Nf6 5. O-O Be7 6. Re1 b5 7. Bb3 O-O 8. a4
Bb7 9. Nc3 bxa4 10. Bxa4 d6 11. d4 exd4 12. Nxd4 Nxd4 13. Qxd4 Nd7 14. Nd5 Bxd5
15. exd5 Re8 16. c3 Bf6 17. Qd1 Rxe1+ 18. Qxe1 Nc5 19. Bc6 Rb8 20. b4 Nd3 21.
Qd2 Nxb4 22. Ba4 Qe7 23. Ba3 Qe5 24. Bxb4 Rxb4 25. Re1 Re4 26. Rb1 g6 27. Bc2
Bg5 28. Qd1 Re2 29. Bd3 Rd2 30. Qf1 Be3 31. Be2 Bb6 32. Re1 a5 33. Kh1 Qxc3 34.
f4 Rxd5 35. Bc4 Rd4 36. Bxf7+ Kxf7 37. f5 Rf4 38. Qe2 Qf6 39. g4 gxf5 40. Qe8+
Kg7 41. Re7+ Kh6 42. Qh5# 1-0

[Event "GBR-ch107 U18"]
[Site "Milton Keynes"]
[Date "2021.10.02"]
[Round "2.1"]
[White "Badacsonyi, Frankie"]
[Black "Kuzhelev, Timur"]
[Result "1-0"]
[WhiteElo "1511"]
[BlackElo "1874"]
[PlyCount "101"]
[EventDate "2021.10.02"]
[EventType "swiss"]
[EventRounds "5"]
[EventCountry "GBR"]
[SourceTitle "BritBase"]
[Source "John Saunders"]
[SourceDate "2021.06.05"]
[SourceVersion "1"]
[SourceVersionDate "2021.06.05"]
[SourceQuality "1"]

1. d4 Nf6 2. Bg5 e6 3. Nd2 h6 4. Bh4 Be7 5. e4 d5 6. e5 Nfd7 7. Bxe7 Qxe7 8. f4
Qb4 9. Ngf3 Qxb2 10. Bd3 Nc6 11. Rb1 Qa3 12. Rb3 Qe7 13. O-O g6 14. c4 Na5 15.
cxd5 Nxb3 16. dxe6 Nxd2 17. exd7+ Bxd7 18. Qxd2 Be6 19. Qa5 c6 20. Nd2 Qd8 21.
Qc3 Qe7 22. Ne4 O-O-O 23. Rb1 Bf5 24. Nc5 b6 25. Bxf5+ gxf5 26. Na6 Qd7 27. Rd1
Kb7 28. Qa3 c5 29. d5 Qb5 30. Nc7 Qa5 31. Qxa5 bxa5 32. d6 Kc6 33. Nd5 Rhe8 34.
Ne3 f6 35. Nc4 Kb5 36. d7 Re7 37. exf6 Rexd7 38. Rxd7 Rxd7 39. f7 Rxf7 40. Nd6+
Kb4 41. Nxf7 c4 42. Kf2 Ka3 43. Ne5 c3 44. g4 Kxa2 45. gxf5 a4 46. f6 a3 47. f7
Kb1 48. f8=Q a2 49. Qb4+ Kc2 50. Qa3 Kb1 51. Qb3+ 1-0

[Event "GBR-ch107 U18"]
[Site "Milton Keynes"]
[Date "2021.10.02"]
[Round "2.2"]
[White "Borissow, Magnus"]
[Black "Ali, Shahvez"]
[Result "0-1"]
[WhiteElo "1433"]
[BlackElo "1773"]
[PlyCount "84"]
[EventDate "2021.10.02"]
[EventType "swiss"]
[EventRounds "5"]
[EventCountry "GBR"]
[SourceTitle "BritBase"]
[Source "John Saunders"]
[SourceDate "2021.06.05"]
[SourceVersion "1"]
[SourceVersionDate "2021.06.05"]
[SourceQuality "1"]

1. e4 e6 2. d4 d5 3. e5 c5 4. c3 Qb6 5. Nf3 Bd7 6. a3 Ne7 7. Bd3 Nbc6 8. dxc5
Qxc5 9. Be3 Qa5 10. Nbd2 Ng6 11. Bd4 Nxd4 12. cxd4 Nf4 13. Bf1 Bb5 14. b4 Qb6
15. g3 Nd3+ 16. Bxd3 Bxd3 17. Nb3 Bb5 18. Ng1 Ba4 19. Rb1 a5 20. Qd3 axb4 21.
Nc5 Bxc5 22. dxc5 Qxc5 23. axb4 Qc4 24. Qxc4 dxc4 25. Ne2 Ke7 26. O-O Bc2 27.
Rb2 Bd3 28. Rc1 Bxe2 29. Rxe2 b5 30. Rc3 Rhd8 31. f4 Rd1+ 32. Kf2 Rb1 33. Ke3
Rxb4 34. Kd4 Rc8 35. Ra2 Rc7 36. Ra6 Rb2 37. Rca3 Rd2+ 38. Kc3 Rd3+ 39. Kb4
Rxa3 40. Rxa3 c3 41. Rxc3 Rxc3 42. Kxc3 Kd7 0-1